A harmadik
Elmentve itt :
| Szerző: | |
|---|---|
| Adatforrás: | Meister |
| Forrásdokumentuma: | A Hét. - 4 sz., 1991, 12 p. |
| Nyelv: | magyar |
| Kulcsszavak: | politikai publicisztika öböl-háború fundamentalizmus háború |
| LEADER | 00394nab a2200157 i 4500 | ||
|---|---|---|---|
| 001 | bibPRO00004908 | ||
| 008 | 060524s1991 xx hun | ||
| 040 | |a Sz1 | ||
| 041 | |a hun | ||
| 100 | 1 | |a SZÁSZ János | |
| 245 | 1 | 2 | |a A harmadik |c SZÁSZ János |
| 695 | |a politikai publicisztika | ||
| 695 | |a öböl-háború | ||
| 695 | |a fundamentalizmus | ||
| 695 | |a háború | ||
| 773 | 0 | |t A Hét. - |g 4 sz., 1991, 12 p. | |